000 00459pab a2200169 454500
008 180718b2007 xxu||||| |||| 00| 0 eng d
100 _aHummels, David
245 _aTransportation costs and international trade in the second era of globalization
260 _c2007
300 _ap.131-54.
362 _aSummer
650 _aGlobalization
650 _aInternational trade
773 _aJournal of Economic Perspectives
908 _aN
909 _a76171
999 _c76171
_d76171